00503nam a2200157Ia 4500008004100000020001800041082001200059100001500071245009000086250000700176260004200183300003000225500001900255600002100274650005000295240925s9999 xx 000 0 und d a9788126508051 a005 TIA aTian, Jeff 0aSoftware Quality Engineering: testing ,quality assurance and quantifiable improvement aNA aNew Delhi:bJohn Wiley & Sonsc,2005. axxxvi,744p.bNAfOriginal aIncludes Index aComputer Science aComputer science, information & general works